000 00819nam a2200229Ia 4500
008 191130s2006##################000#0#eng##
020 _a9781403941176
022 _a2005049204
040 _aACL
_cACL
082 _a791.43658 MAR
100 _aMarsh, Steven
245 _aPopular Spanish film under Franco : comedy and the weakening of the state
_cSteven Marsh
260 _aBasingstoke, Hampshire
_bPalgrave Macmillan
_c2006
300 _aix, 222 p. : ill. ; 23 cm
500 _aFilmography: p. 216-217. Includes bibliographical references (p. 208-215) and index
650 _aComedy films - Spain - History and criticism
650 _aFascism and motion pictures - Spain
650 _aMotion pictures - Spain - History
990 _aca0ea0d5ac10000c45030dbf7629b9b7
991 _a360722
999 _c40039
_d40039